000
00177 a2200097 4500
001
2280
100
_a
Molloy, E
245
_a
Eng
260
_a
_b
Newnes
_c
090
_c
1652
_d
1652
942
_a
NUST-CAE
_c
M
_c
7247
999
_c
237353
_d
237353